| Tag |
First Indicator |
Second Indicator |
Subfields |
| LEADER |
00000cam a2200000 a 4500 |
| 001 |
in00000017396 |
| 005 |
20151007053539.0 |
| 008 |
850111c19861985mauab b 00000 eng |
| 010 |
|
|
|a 84675438
|
| 020 |
|
|
|a 0867202572 (soft)
|
| 034 |
1 |
|
|a a
|b 2000000
|d W1000000
|e 0830000
|f N0170000
|g N0060000
|
| 035 |
|
|
|a (OCoLC)11866270
|
| 035 |
|
|
|9 AAB2030AM
|
| 040 |
|
|
|a DLC
|c DLC
|d m/c
|d TXA
|d UtOrBLW
|
| 043 |
|
|
|a p------
|a nc-----
|
| 049 |
|
|
|a TXAC
|c [A11072025]
|
| 050 |
0 |
0 |
|a G1552.C6C9
|b M5 1986
|
| 082 |
0 |
|
|a 912/.155141/09728
|2 19
|
| 099 |
|
|
|a G
|a 1552
|a C6
|a C9
|a M5
|a 1986
|
| 245 |
0 |
0 |
|a Middle America trench off western Central America /
|c edited by John W. Ladd and Richard T. Buffler.
|
| 255 |
|
|
|a Scale ca. 1:2,000,000
|c (W 100⁰--W 83⁰/N 17⁰--N 6⁰).
|
| 264 |
|
1 |
|a Woods Hole, MA :
|b Marine Science International,
|c [1986]
|
| 264 |
|
4 |
|c ©1985
|
| 300 |
|
|
|a 1 atlas (3 unnumbered pages, 20 leaves) :
|b illustrations (some color), color maps ;
|c 56 x 90 cm.
|
| 336 |
|
|
|a text
|b txt
|2 rdacontent
|
| 337 |
|
|
|a unmediated
|b n
|2 rdamedia
|
| 338 |
|
|
|a volume
|b nc
|2 rdacarrier
|
| 490 |
1 |
|
|a Regional atlas series / Ocean Margin Drilling Program ;
|v atlas 7
|
| 500 |
|
|
|a At head of title: Ocean Margin Drilling Program.
|
| 504 |
|
|
|a Includes bibliographies.
|
| 650 |
|
0 |
|a Geophysics
|z Pacific Coast (Central America)
|x Maps.
|
| 650 |
|
0 |
|a Geology
|z Pacific Coast (Central America)
|x Maps.
|
| 650 |
|
0 |
|a Geomorphology
|z Pacific Coast (Central America)
|x Maps.
|
| 650 |
|
0 |
|a Oceanography
|z Pacific Coast (Central America)
|x Charts, diagrams, etc.
|
| 650 |
|
0 |
|a Oceanography
|z Pacific Ocean
|x Charts, diagrams, etc.
|
| 651 |
|
0 |
|a Pacific Coast (Central America)
|x Maps.
|
| 700 |
1 |
|
|a Ladd, John W.
|
| 700 |
1 |
|
|a Buffler, Richard T.
|
| 710 |
2 |
|
|a Ocean Margin Drilling Program.
|
| 710 |
2 |
|
|a Marine Science International.
|
| 740 |
0 |
|
|a Middle America trench.
|
| 830 |
|
0 |
|a Regional atlas series ;
|v atlas 7.
|
| 999 |
|
|
|a MARS
|
| 999 |
f |
f |
|s a79c7661-fb84-31a1-b70d-26d224c1a486
|i 0a26fb8b-d021-37ed-8f56-075567c1f3cf
|t 0
|
| 952 |
f |
f |
|p noncirc
|a Texas A&M University
|b Galveston Campus
|c Jack K. Williams Library
|d Galveston Oversize
|t 0
|e G1552.C6C9 M5 1985
|h Library of Congress classification
|i unmediated -- volume
|m 33620000224846
|
| 952 |
f |
f |
|p noncirc
|a Texas A&M University
|b College Station
|c Sterling C. Evans Library
|d Evans: Maps (2nd floor)
|t 0
|e G1552.C6C9 M5 1986
|f Oversize
|h Library of Congress classification
|i unmediated -- volume
|m A14811072025
|
| 998 |
f |
f |
|a G1552.C6C9 M5 1986
|t 0
|l Evans: Maps (2nd floor)
|
| 998 |
f |
f |
|a G1552.C6C9 M5 1985
|t 0
|l Galveston Oversize
|